|
|
|
|
| LEADER |
00000nam a2200000 a 4500 |
| 001 |
vtls001406749 |
| 003 |
SK-MaSNL |
| 005 |
20260302072100.0 |
| 008 |
160415s2000 xo a y 0 slo |
| 015 |
|
|
|a SNBE2001/03-01522
|
| 020 |
|
|
|a 8096819720
|
| 035 |
|
|
|a SNK000361391
|
| 040 |
|
|
|a SNK
|b slo
|c SNK
|e AACR2
|
| 041 |
0 |
|
|a slo
|
| 044 |
|
|
|a xo
|c SK
|
| 080 |
|
|
|a 069(084.12)=854=20=30
|2 1981
|
| 245 |
1 |
0 |
|a Podjavorinské múzeum
|b Nové Mesto nad Váhom
|c text: Jozef Karlík ; translation: Jozef Ilčík
|
| 260 |
|
|
|a Nitra
|b FOTAR
|c [2000]
|
| 300 |
|
|
|a 1 skladačka ([26] fareb, fotogr. s textom
|b fareb. fotogr.
|c 8x11cm
|
| 500 |
|
|
|a Súbež. text angl., nem.
|
| 610 |
2 |
7 |
|a Podjavorinské múzeum (Nové Mesto nad Váhom, Slovensko)
|2 SNK
|9 488944
|
| 651 |
|
7 |
|a 304
|2 SNK
|9 299338
|
| 655 |
|
7 |
|a fotosúbory
|2 SNK
|9 76380
|
| 700 |
1 |
|
|a Karlík, Jozef
|4 tex
|9 7419
|
| 700 |
1 |
|
|a Ilčík, Jozef
|c (Mgr.)
|4 trl
|9 228256
|
| 919 |
|
|
|a 80-968197-2-0
|
| 958 |
|
|
|a TL
|
| 999 |
|
|
|c 1154939
|d 1156869
|
| 952 |
|
|
|t P60, <91>, [BOOK], {629}, -A-
|a SNK
|b SNK
|y NEVYP
|7 0
|0 0
|1 0
|4 0
|d 2001-02-09
|l 0
|r 2005-01-02 00:00:00
|w 2026-02-24
|
| 952 |
|
|
|t P60, <03>, [BOOK], {603}
|a SNK
|b SNK
|y PREZ
|7 0
|p 17A0270682
|o snkOSE 3717
|i snkKSP 2494/2001
|0 0
|1 0
|4 0
|d 2001-02-09
|l 0
|r 2005-01-02 00:00:00
|w 2026-02-24
|
| 952 |
|
|
|t P60, <04>, [BOOK], {604}
|a SNK
|b SNK
|y VYP
|7 0
|p 17A0270681
|o snkOSE 3717 D1
|i snkKSP 2495/2001
|0 0
|1 0
|4 0
|d 2001-02-09
|l 0
|r 2005-01-02 00:00:00
|w 2026-02-24
|